000
00323nam a2200133Ia 4500
008
190216s9999||||xx |||||||||||||| ||und||
100
_a
Frederick J Croosson
245
0
_a
Science And Contemporary Society
250
_a
first
260
_b
Paico Pub.House Ekm
_c
1969
300
_a
251 p
650
_a
Physics
942
_c
BK
999
_c
32769
_d
32769